Density guide for capital homes (Record no. 72981)

MARC details
000 -LEADER
fixed length control field 00960cam a2200205 4500
001 - CONTROL NUMBER
control field WB3925-06
008 - FIXED-LENGTH DATA ELEMENTS--GENERAL INFORMATION
fixed length control field 030702n2003 000 0 eng u
035 ## - SYSTEM CONTROL NUMBER
System control number (Sirsi) u122860
245 ## - TITLE STATEMENT
Title Density guide for capital homes
260 ## - PUBLICATION, DISTRIBUTION, ETC.
Date of publication, distribution, etc. 2003
490 ## - SERIES STATEMENT
Series statement Planning (for the Natural and Built Environment)
Volume/sequential designation (1525) 27 June 2003, 2(1)
520 ## - SUMMARY, ETC.
Summary, etc. The Greater London Authority (GLA) has published a guide to help local authorities plan a programme of high-density house building in London to accommodate a projected population increase of 700 000 over the next 15 years. "Housing for a compact city" also includes best practice examples of high-density housing projects in Europe. The guide is available from GLA Publications priced £10, t +44 (0)20 7983 4323. GLA at www.london.gov.uk.
590 ## - LOCAL NOTE (RLIN)
Local note WB
650 ## - SUBJECT ADDED ENTRY--TOPICAL TERM
Topical term or geographic name entry element HOUSING DENSITY
650 ## - SUBJECT ADDED ENTRY--TOPICAL TERM
Topical term or geographic name entry element LONDON
650 ## - SUBJECT ADDED ENTRY--TOPICAL TERM
Topical term or geographic name entry element POPULATION GROWTH
650 ## - SUBJECT ADDED ENTRY--TOPICAL TERM
Topical term or geographic name entry element HOUSE BUILDING
690 ## - LOCAL SUBJECT ADDED ENTRY--TOPICAL TERM (OCLC, RLIN)
Topical term or geographic name as entry element HOUSING
942 ## - ADDED ENTRY ELEMENTS (KOHA)
Suppress in OPAC 0
Holdings
Withdrawn status Lost status Source of classification or shelving scheme Damaged status Not for loan Home library Current library Shelving location Date acquired Total Checkouts Full call number Barcode Date last seen Copy number Price effective from Koha item type
    Dewey Decimal Classification     London London News article 02/07/2003   WB3925-06 122860-1001 06/08/2019 1 06/08/2019 News article